00547nam a2200181 a 45000010010000000030011000100080041000210350026000620820015000881000016001032450044001192600053001636500011002169420012002279520091002399980020003309990015003500000-8536ELIB.Books110520 2002  a(ELIB.Books)0000-8681 aB.Th bEst aEsther, Naw aThe Understanding on Situational Ethics bInsein: Karen Baptist Theolgical Seminary c2002 aThesis 2ddccBK 00102ddc4070aKBTSbKBTSd2011-05-20l0p30103r2022-01-22 00:00:00w2022-01-22yBK cbate2011-05-20 c8536d8536